Daivathinte Chaaranmaar_Malayalam (Record no. 38090)

MARC details
000 -LEADER
fixed length control field 01310nam a22001817a 4500
082 ## - DEWEY DECIMAL CLASSIFICATION NUMBER
Classification number 920 JOS
100 ## - MAIN ENTRY--AUTHOR NAME
Personal name Joseph Annamkutty Jose
245 ## - TITLE STATEMENT
Title Daivathinte Chaaranmaar_Malayalam
250 ## - EDITION STATEMENT
Edition statement 1
260 ## - PUBLICATION, DISTRIBUTION, ETC. (IMPRINT)
Name of publisher DC Books
Place of publication Kottayam
Year of publication 2025
300 ## - PHYSICAL DESCRIPTION
Number of Pages Number of pages : 232
500 ## - GENERAL NOTE
General note Category : Memoirs, Autobiography & Biography, Best Sellers
520 ## - SUMMARY, ETC.
Summary, etc เดจเดฟเดฐเดตเดงเดฟ เด•เต‹เดชเตเดชเดฟเด•เตพ เดตเดฟเดฑเตเดฑเตŠเดดเดฟเดžเตเดž เดฌเต†เดฑเต€เดกเต เดคเต‹เดŸเตเดŸเตโ€Œเดธเดฟเดจเต เดถเต‡เดทเด‚ เดœเต‹เดธเดซเต เด…เดจเตเดจเด‚เด•เตเดŸเตเดŸเดฟเดฏเตเดŸเต† เดเดฑเตเดฑเดตเตเด‚ เดชเตเดคเดฟเดฏ เดชเตเดธเตเดคเด•เด‚. เด“เตผเดฎเด•เดณเตเดŸเต† เด•เต‚เดŸเดพเดฐเดคเตเดคเดฟเตฝเดจเดฟเดจเตเดจเตเด‚ เดšเต€เดจเตเดคเดฟเดฏเต†เดŸเตเดคเตเดค เด…เดจเตเดญเดตเด™เตเด™เดณเตเดŸเต† เด•เตเดฑเดฟเดชเตเดชเตเด•เตพ. เดฆเตˆเดตเดคเตเดคเดฟเดจเตเดฑเต† เดšเดพเดฐเดจเตเดฎเดพเดฐเดพเดฏเดฟ เดญเต‚เดฎเดฟเดฏเดฟเดฒเต‡เด•เตเด•เต เดจเดจเตเดฎเดšเต†เดฏเตเดฏเตเดจเตเดจเดคเดฟเดจเดพเดฏเดฟ เด•เตเดฑเดšเตเดšเต เดตเตเดฏเด•เตเดคเดฟเด•เดณเต† เดจเดฟเดฏเต‹เด—เดฟเดšเตเดšเดฟเดŸเตเดŸเตเดฃเตเดŸเต. เด† เดตเตเดฏเด•เตเดคเดฟ เด†เดฐเตเดฎเดพเด•เดพเด‚ เด’เดฐเตเดชเด•เตเดทเต‡ เดจเดฟเด™เตเด™เดณเตเดฎเดพเด•เดพเด‚.
546 ## - LANGUAGE NOTE
Language note Language : Malayalam
650 ## - SUBJECT ADDED ENTRY--TOPICAL TERM
Topical Term GEN
942 ## - ADDED ENTRY ELEMENTS (KOHA)
Koha item type Text Book
952 ## - LOCATION AND ITEM INFORMATION (KOHA)
Damaged status
Not for loan
952 ## - LOCATION AND ITEM INFORMATION (KOHA)
Damaged status
Not for loan
Holdings
Withdrawn status Collection code Permanent Location Current Location Date acquired Source of acquisition Cost, normal purchase price Inventory number Full call number Accession Number Price effective from Koha item type
  GENERAL VAST Central Library VAST Central Library 25/11/2025 Dc Bookshop,Thrissur 299.00 000729 920 JOS 38227 17/12/2025 Text Book
  GENERAL VAST Central Library VAST Central Library 25/11/2025 Dc Bookshop,Thrissur 299.00 000729 920 JOS 38228 17/12/2025 Text Book